000
00321nam a22001337a 4500
020
_a
978-93-5304-025-3
082
_a
001
_b
O'BRI/G
100
_a
DEREK O'BRIENTHE
245
_a
GENERAL KNOWLEDGE QUIZ BOOK
260
_a
DELHI
_b
RUPA PUBLICATIONS
_c
2018
300
_a
170
650
_a
GENERAL KNOWLEDGE
_z
INDIA
942
_c
BK
999
_c
6523
_d
6523